kku e-library facility

A Textbook of Electrical Technology in S.I System of Units (Record no. 228)

MARC details
000 -LEADER
fixed length control field 00476nam a2200145 4500
005 - DATE AND TIME OF LATEST TRANSACTION
control field 20260420101332.0
008 - FIXED-LENGTH DATA ELEMENTS--GENERAL INFORMATION
fixed length control field 260420b |||||||| |||| 00| 0 eng d
020 ## - INTERNATIONAL STANDARD BOOK NUMBER
International Standard Book Number 978-93-525-3179-0
100 ## - MAIN ENTRY--PERSONAL NAME
Personal name Theraja B. L & Theraja A.K
245 ## - TITLE STATEMENT
Title A Textbook of Electrical Technology in S.I System of Units
Statement of responsibility, etc. /B.L & A.K Theraja
250 ## - EDITION STATEMENT
Edition statement 24th ed
260 ## - PUBLICATION, DISTRIBUTION, ETC.
Place of publication, distribution, etc. Ram Nagar, New Delhi India;
Name of publisher, distributor, etc. S.Chand & Company PVT. LTD;
Date of publication, distribution, etc. 2017
300 ## - PHYSICAL DESCRIPTION
Extent xxxii,2750p.ill;
Dimensions 25.2cm
942 ## - ADDED ENTRY ELEMENTS (KOHA)
Source of classification or shelving scheme Library of Congress Classification
Suppress in OPAC No
Koha item type Books

No items available.

©2025 All rights reserved. KKU